| 000 | 00913nam a22002537a 4500 | ||
|---|---|---|---|
| 005 | 20120302132927.0 | ||
| 008 | 120302t xxu||||| |||| 00| 0 eng d | ||
| 020 |
_a8125010351 _c135.00 |
||
| 035 | _aA-947617 | ||
| 037 | _bDBAD/PUB | ||
| 040 |
_aDPL _bENG |
||
| 082 | 0 | 4 | _a070.4 |
| 100 | 1 |
_aNarasimha Rao, P.V.L. _938049 _d1931- |
|
| 245 | 1 | 0 |
_aStyle in journalism / _cby P.V.L. Narasimha Rao |
| 260 |
_aHyderabad _bOrient Longman _c1998 |
||
| 270 |
_bNew Delhi _e110002 |
||
| 300 |
_ax, 178p. _c18 cms. |
||
| 500 | _aIncludes bibliographical references and index. | ||
| 520 | _aStudy conducted in Bhopal, India. | ||
| 650 | 0 |
_aJounalism _938050 _zIndia _xStyle manuals |
|
| 942 |
_2ddc _cEN _h070.4 _mNAR |
||
| 999 |
_c63678 _d63678 |
||